[Event "April 9 Late 2024"]
[Site "Chess.com"]
[Date "2024.04.09"]
[Round "1"]
[White "Kourkoulos-Arditis, Stamatis"]
[Black "Paragua, Megan Althea"]
[Result "0-1"]
[Board "78"]
[WhiteFideId "4221990"]
[BlackFideId "30973007"]
[WhiteTitle "GM"]
[BlackTitle "WFM"]
[WhiteElo "2786"]
[BlackElo "2435"]
[WhiteTeam "GRE"]
[BlackTeam "USA"]
[WhiteClock "0:00:09"]
[BlackClock "0:00:08"]
[Variant "Standard"]

1. Nf3 {[%clk 0:02:55]}  Nf6 {[%clk 0:02:58]} 2. e3 {[%clk 0:02:50]}  d5 {[%clk 0:02:57]} 3. c4 {[%clk 0:02:49]}  e6 {[%clk 0:02:56]} 4. b3 {[%clk 0:02:49]}  c5 {[%clk 0:02:52]} 5. Bb2 {[%clk 0:02:48]}  Nc6 {[%clk 0:02:52]} 6. cxd5 {[%clk 0:02:48]}  exd5 {[%clk 0:02:52]} 7. Be2 {[%clk 0:02:47]}  Be7 {[%clk 0:02:51]} 8. O-O {[%clk 0:02:41]}  O-O {[%clk 0:02:49]} 9. d4 {[%clk 0:02:42]}  b6 {[%clk 0:02:44]} 10. Nc3 {[%clk 0:02:33]}  Bb7 {[%clk 0:02:37]} 11. Rc1 {[%clk 0:02:32]}  Rc8 {[%clk 0:02:30]} 12. Re1 {[%clk 0:02:25]}  Re8 {[%clk 0:02:26]} 13. Bf1 {[%clk 0:02:25]}  Bf8 {[%clk 0:02:22]} 14. g3 {[%clk 0:02:24]}  Ne4 {[%clk 0:02:18]} 15. Bh3 {[%clk 0:02:20]}  Nxc3 {[%clk 0:02:11]} 16. Bxc3 {[%clk 0:02:20]}  Rc7 {[%clk 0:02:10]} 17. Bb2 {[%clk 0:02:13]}  Qd6 {[%clk 0:01:48]} 18. Bg2 {[%clk 0:01:58]}  Ne7 {[%clk 0:01:35]} 19. Ne5 {[%clk 0:01:56]}  f6 {[%clk 0:01:30]} 20. Nd3 {[%clk 0:01:56]}  cxd4 {[%clk 0:01:10]} 21. Rxc7 {[%clk 0:01:43]}  Qxc7 {[%clk 0:01:07]} 22. Bxd4 {[%clk 0:01:40]}  Nf5 {[%clk 0:01:03]} 23. Nf4 {[%clk 0:01:40]}  Qd7 {[%clk 0:00:46]} 24. Bb2 {[%clk 0:01:34]}  Bb4 {[%clk 0:00:44]} 25. Re2 {[%clk 0:01:23]}  Ba6 {[%clk 0:00:32]} 26. Qxd5+ {[%clk 0:01:16]}  Qxd5 {[%clk 0:00:16]} 27. Bxd5+ {[%clk 0:01:17]}  Kh8 {[%clk 0:00:16]} 28. Rc2 {[%clk 0:01:18]}  Bc5 {[%clk 0:00:12]} 29. a3 {[%clk 0:01:05]}  Rd8 {[%clk 0:00:08]} 30. b4 {[%clk 0:01:04]}  Bxe3 {[%clk 0:00:08]} 31. fxe3 {[%clk 0:01:01]}  Nxe3 {[%clk 0:00:08]} 32. Rc7 {[%clk 0:00:14]}  Nxd5 {[%clk 0:00:08]} 33. Nxd5 {[%clk 0:00:15]}  Rxd5 {[%clk 0:00:08]} 34. Rxa7 {[%clk 0:00:15]}  Bc8 {[%clk 0:00:08]} 35. Ra8 {[%clk 0:00:16]}  Rd8 {[%clk 0:00:08]} 36. Bd4 {[%clk 0:00:16]}  b5 {[%clk 0:00:06]} 37. Bb6 {[%clk 0:00:16]}  Re8 {[%clk 0:00:06]} 38. Bc5 {[%clk 0:00:17]}  h6 {[%clk 0:00:06]} 39. Ra7 {[%clk 0:00:16]}  Be6 {[%clk 0:00:05]} 40. Kf2 {[%clk 0:00:16]}  Bc4 {[%clk 0:00:05]} 41. Kf3 {[%clk 0:00:17]}  Kg8 {[%clk 0:00:06]} 42. g4 {[%clk 0:00:17]}  Kh7 {[%clk 0:00:06]} 43. h3 {[%clk 0:00:17]}  Kg6 {[%clk 0:00:07]} 44. h4 {[%clk 0:00:17]}  Rd8 {[%clk 0:00:07]} 45. Kf4 {[%clk 0:00:17]}  Rd1 {[%clk 0:00:06]} 46. h5+ {[%clk 0:00:17]}  Kh7 {[%clk 0:00:06]} 47. Bf8 {[%clk 0:00:17]}  Rf1+ {[%clk 0:00:06]} 48. Ke3 {[%clk 0:00:18]}  Re1+ {[%clk 0:00:05]} 49. Kd4 {[%clk 0:00:17]}  Rd1+ {[%clk 0:00:05]} 50. Kc5 {[%clk 0:00:18]}  Rd5+ {[%clk 0:00:05]} 51. Kc6 {[%clk 0:00:18]}  Rg5 {[%clk 0:00:06]} 52. Be7 {[%clk 0:00:15]}  Rxg4 {[%clk 0:00:05]} 53. Bxf6 {[%clk 0:00:16]}  Kh8 {[%clk 0:00:05]} 54. Be5 {[%clk 0:00:15]}  Kh7 {[%clk 0:00:06]} 55. Kd6 {[%clk 0:00:14]}  Rg5 {[%clk 0:00:06]} 56. Rc7 {[%clk 0:00:13]}  Rg1 {[%clk 0:00:05]} 57. a4 {[%clk 0:00:13]}  Rd1+ {[%clk 0:00:03]} 58. Kc5 {[%clk 0:00:13]}  Rd5+ {[%clk 0:00:03]} 59. Kb6 {[%clk 0:00:13]}  Rxe5 {[%clk 0:00:04]} 60. a5 {[%clk 0:00:14]}  Re6+ {[%clk 0:00:04]} 61. Rc6 {[%clk 0:00:10]}  Rxc6+ {[%clk 0:00:03]} 62. Kxc6 {[%clk 0:00:11]}  Bf1 {[%clk 0:00:04]} 63. a6 {[%clk 0:00:11]}  Bg2+ {[%clk 0:00:04]} 64. Kxb5 {[%clk 0:00:11]}  Kg8 {[%clk 0:00:05]} 65. Kc5 {[%clk 0:00:10]}  Kf7 {[%clk 0:00:05]} 66. b5 {[%clk 0:00:10]}  Ke7 {[%clk 0:00:06]} 67. b6 {[%clk 0:00:10]}  Kd7 {[%clk 0:00:06]} 68. b7 {[%clk 0:00:10]}  Kc7 {[%clk 0:00:07]} 69. Kd4 {[%clk 0:00:10]}  Bf3 {[%clk 0:00:06]} 70. Ke5 {[%clk 0:00:10]}  Bxh5 {[%clk 0:00:07]} 71. Ke6 {[%clk 0:00:11]}  Be2 {[%clk 0:00:07]} 72. Kf5 {[%clk 0:00:12]}  Bxa6 {[%clk 0:00:08]} 73. Kg6 {[%clk 0:00:13]}  Bxb7 {[%clk 0:00:08]} 74. Kh5 {[%clk 0:00:09]}  Be4 {[%clk 0:00:08]} 0-1

[Event "April 9 Late 2024"]
[Site "Chess.com"]
[Date "2024.04.09"]
[Round "1"]
[White "Bold, Andre"]
[Black "Weetik, Vjacheslav"]
[Result "0-1"]
[Board "81"]
[WhiteFideId "16208471"]
[BlackFideId "4153472"]
[WhiteTitle "CM"]
[BlackTitle "FM"]
[WhiteElo "2432"]
[BlackElo "2781"]
[WhiteTeam "GER"]
[BlackTeam "RUS"]
[WhiteClock "0:00:32"]
[BlackClock "0:00:26"]
[Variant "Standard"]

1. e4 {[%clk 0:03:00]}  c5 {[%clk 0:03:00]} 2. Nf3 {[%clk 0:02:59]}  d6 {[%clk 0:03:00]} 3. Bb5+ {[%clk 0:02:58]}  Nc6 {[%clk 0:03:00]} 4. Bxc6+ {[%clk 0:02:54]}  bxc6 {[%clk 0:03:00]} 5. h3 {[%clk 0:02:52]}  e5 {[%clk 0:02:58]} 6. O-O {[%clk 0:02:52]}  f5 {[%clk 0:02:56]} 7. exf5 {[%clk 0:02:48]}  Bxf5 {[%clk 0:02:55]} 8. c3 {[%clk 0:02:41]}  e4 {[%clk 0:02:55]} 9. Re1 {[%clk 0:02:32]}  Be7 {[%clk 0:02:53]} 10. Nh2 {[%clk 0:02:21]}  Nf6 {[%clk 0:02:49]} 11. f3 {[%clk 0:02:05]}  c4 {[%clk 0:02:35]} 12. Qa4 {[%clk 0:01:40]}  Qb6+ {[%clk 0:02:30]} 13. Kh1 {[%clk 0:01:38]}  O-O {[%clk 0:02:07]} 14. Qxc4+ {[%clk 0:01:33]}  d5 {[%clk 0:02:07]} 15. Qb3 {[%clk 0:01:31]}  Qf2 {[%clk 0:01:50]} 16. Rf1 {[%clk 0:01:31]}  Qh4 {[%clk 0:01:50]} 17. Qd1 {[%clk 0:01:26]}  Nh5 {[%clk 0:01:50]} 18. g4 {[%clk 0:00:44]}  Ng3+ {[%clk 0:01:33]} 19. Kg2 {[%clk 0:00:44]}  Nxf1 {[%clk 0:01:28]} 20. Qxf1 {[%clk 0:00:45]}  exf3+ {[%clk 0:01:28]} 21. Kh1 {[%clk 0:00:40]}  Bg6 {[%clk 0:00:29]} 22. Na3 {[%clk 0:00:39]}  Bxa3 {[%clk 0:00:27]} 23. bxa3 {[%clk 0:00:39]}  Rae8 {[%clk 0:00:27]} 24. d3 {[%clk 0:00:32]}  Re1 {[%clk 0:00:26]} 0-1

[Event "April 9 Late 2024"]
[Site "Chess.com"]
[Date "2024.04.09"]
[Round "1"]
[White "Brodsky, David"]
[Black "Figorito, Nick"]
[Result "1-0"]
[Board "82"]
[WhiteFideId "2073250"]
[BlackFideId "30923689"]
[WhiteTitle "GM"]
[WhiteElo "2778"]
[BlackElo "2431"]
[WhiteTeam "USA"]
[BlackTeam "USA"]
[WhiteClock "0:01:38"]
[BlackClock "0:01:29"]
[Variant "Standard"]

1. e4 {[%clk 0:02:59]}  e6 {[%clk 0:03:00]} 2. d4 {[%clk 0:02:59]}  d5 {[%clk 0:03:01]} 3. exd5 {[%clk 0:02:58]}  exd5 {[%clk 0:03:01]} 4. h3 {[%clk 0:02:59]}  Bd6 {[%clk 0:03:01]} 5. c4 {[%clk 0:02:56]}  Nf6 {[%clk 0:03:01]} 6. c5 {[%clk 0:02:52]}  Be7 {[%clk 0:02:59]} 7. Bd3 {[%clk 0:02:52]}  O-O {[%clk 0:03:00]} 8. Ne2 {[%clk 0:02:53]}  b6 {[%clk 0:03:01]} 9. cxb6 {[%clk 0:02:52]}  axb6 {[%clk 0:03:02]} 10. O-O {[%clk 0:02:53]}  Ba6 {[%clk 0:03:02]} 11. Nbc3 {[%clk 0:02:52]}  Bxd3 {[%clk 0:03:02]} 12. Qxd3 {[%clk 0:02:53]}  c5 {[%clk 0:03:01]} 13. Bg5 {[%clk 0:02:49]}  c4 {[%clk 0:02:51]} 14. Qf3 {[%clk 0:02:45]}  Nbd7 {[%clk 0:02:43]} 15. Nf4 {[%clk 0:02:26]}  h6 {[%clk 0:02:39]} 16. Bxf6 {[%clk 0:02:25]}  Nxf6 {[%clk 0:02:40]} 17. Nfxd5 {[%clk 0:02:21]}  Nxd5 {[%clk 0:02:36]} 18. Nxd5 {[%clk 0:02:21]}  Bd6 {[%clk 0:02:30]} 19. a4 {[%clk 0:02:18]}  Ra5 {[%clk 0:02:18]} 20. Ne3 {[%clk 0:02:13]}  Qd7 {[%clk 0:01:50]} 21. Nxc4 {[%clk 0:02:10]}  Ra6 {[%clk 0:01:48]} 22. b3 {[%clk 0:01:53]}  Bc7 {[%clk 0:01:45]} 23. d5 {[%clk 0:01:49]}  Raa8 {[%clk 0:01:40]} 24. d6 {[%clk 0:01:43]}  Bd8 {[%clk 0:01:40]} 25. Qxa8 {[%clk 0:01:41]}  Bf6 {[%clk 0:01:35]} 26. Qd5 {[%clk 0:01:40]}  Bxa1 {[%clk 0:01:35]} 27. Rxa1 {[%clk 0:01:41]}  Re8 {[%clk 0:01:34]} 28. Nxb6 {[%clk 0:01:38]}  Qd8 {[%clk 0:01:29]} 29. a5 {[%clk 0:01:38]} 1-0

[Event "April 9 Late 2024"]
[Site "Chess.com"]
[Date "2024.04.09"]
[Round "1"]
[White "Kavyev, Ruslan"]
[Black "Leiva, Gianmarco"]
[Result "1-0"]
[Board "83"]
[WhiteFideId "34110981"]
[BlackFideId "3804399"]
[WhiteTitle "FM"]
[BlackTitle "IM"]
[WhiteElo "2428"]
[BlackElo "2778"]
[WhiteTeam "RUS"]
[BlackTeam "PER"]
[WhiteClock "0:00:15"]
[BlackClock "0:00:00"]
[Variant "Standard"]

1. d4 {[%clk 0:02:58]}  Nf6 {[%clk 0:02:59]} 2. c4 {[%clk 0:02:58]}  g6 {[%clk 0:02:59]} 3. Nc3 {[%clk 0:02:59]}  Bg7 {[%clk 0:02:59]} 4. Nf3 {[%clk 0:02:59]}  O-O {[%clk 0:02:58]} 5. g3 {[%clk 0:02:59]}  d6 {[%clk 0:02:58]} 6. Bg2 {[%clk 0:03:00]}  Nbd7 {[%clk 0:02:59]} 7. O-O {[%clk 0:03:00]}  e5 {[%clk 0:03:00]} 8. e4 {[%clk 0:03:00]}  Re8 {[%clk 0:03:00]} 9. h3 {[%clk 0:02:56]}  exd4 {[%clk 0:02:59]} 10. Nxd4 {[%clk 0:02:56]}  Nc5 {[%clk 0:03:00]} 11. Re1 {[%clk 0:02:55]}  a5 {[%clk 0:03:00]} 12. f3 {[%clk 0:02:45]}  c6 {[%clk 0:02:56]} 13. Be3 {[%clk 0:02:45]}  a4 {[%clk 0:02:55]} 14. b4 {[%clk 0:02:40]}  axb3 {[%clk 0:02:51]} 15. axb3 {[%clk 0:02:41]}  Rxa1 {[%clk 0:02:29]} 16. Qxa1 {[%clk 0:02:42]}  d5 {[%clk 0:02:29]} 17. Qa7 {[%clk 0:02:28]}  Na6 {[%clk 0:02:05]} 18. cxd5 {[%clk 0:02:13]}  cxd5 {[%clk 0:02:05]} 19. Bf2 {[%clk 0:02:03]}  dxe4 {[%clk 0:01:55]} 20. fxe4 {[%clk 0:02:04]}  Qa5 {[%clk 0:01:30]} 21. Ncb5 {[%clk 0:01:50]}  Qb4 {[%clk 0:01:19]} 22. e5 {[%clk 0:01:37]}  Bf8 {[%clk 0:01:17]} 23. exf6 {[%clk 0:01:15]}  Rxe1+ {[%clk 0:01:16]} 24. Bxe1 {[%clk 0:01:15]}  Qxe1+ {[%clk 0:01:16]} 25. Kh2 {[%clk 0:01:16]}  Qe5 {[%clk 0:00:28]} 26. Qa8 {[%clk 0:01:08]}  Qb8 {[%clk 0:00:21]} 27. Qxb8 {[%clk 0:01:07]}  Nxb8 {[%clk 0:00:21]} 28. Nc2 {[%clk 0:00:21]}  Nd7 {[%clk 0:00:20]} 29. Na7 {[%clk 0:00:20]}  Nb6 {[%clk 0:00:16]} 30. Nxc8 {[%clk 0:00:21]}  Nxc8 {[%clk 0:00:17]} 31. Bxb7 {[%clk 0:00:20]}  Nd6 {[%clk 0:00:13]} 32. Bd5 {[%clk 0:00:20]}  Ne8 {[%clk 0:00:12]} 33. Bc4 {[%clk 0:00:19]}  Nxf6 {[%clk 0:00:12]} 34. Nd4 {[%clk 0:00:19]}  Bd6 {[%clk 0:00:12]} 35. Nb5 {[%clk 0:00:19]}  Be5 {[%clk 0:00:12]} 36. Kg2 {[%clk 0:00:19]}  Ne4 {[%clk 0:00:08]} 37. g4 {[%clk 0:00:18]}  Kg7 {[%clk 0:00:08]} 38. Na3 {[%clk 0:00:17]}  f6 {[%clk 0:00:05]} 39. Nc2 {[%clk 0:00:17]}  Nd6 {[%clk 0:00:03]} 40. Kf3 {[%clk 0:00:17]}  Kh6 {[%clk 0:00:03]} 41. Ne3 {[%clk 0:00:17]}  Kg5 {[%clk 0:00:03]} 42. Nd5 {[%clk 0:00:17]}  Kh4 {[%clk 0:00:04]} 43. Kg2 {[%clk 0:00:17]}  Kg5 {[%clk 0:00:03]} 44. Ne3 {[%clk 0:00:17]}  Kf4 {[%clk 0:00:03]} 45. Nd5+ {[%clk 0:00:17]}  Kg5 {[%clk 0:00:04]} 46. Ne3 {[%clk 0:00:17]}  Bd4 {[%clk 0:00:04]} 47. Nc2 {[%clk 0:00:17]}  Bc5 {[%clk 0:00:04]} 48. Ne1 {[%clk 0:00:14]}  Kh6 {[%clk 0:00:02]} 49. Nd3 {[%clk 0:00:14]}  Bd4 {[%clk 0:00:02]} 50. Bd5 {[%clk 0:00:14]}  Kg7 {[%clk 0:00:02]} 51. b4 {[%clk 0:00:14]}  Bb6 {[%clk 0:00:02]} 52. Bc6 {[%clk 0:00:13]}  Kf8 {[%clk 0:00:03]} 53. b5 {[%clk 0:00:13]}  Ke7 {[%clk 0:00:03]} 54. Nf4 {[%clk 0:00:14]}  Nf7 {[%clk 0:00:03]} 55. Nd5+ {[%clk 0:00:14]}  Ke6 {[%clk 0:00:03]} 56. Nxb6 {[%clk 0:00:15]}  Kd6 {[%clk 0:00:04]} 57. Nc4+ {[%clk 0:00:15]}  Kc5 {[%clk 0:00:04]} 58. Ne3 {[%clk 0:00:16]}  Ne5 {[%clk 0:00:04]} 59. Kg3 {[%clk 0:00:16]}  Nxc6 {[%clk 0:00:04]} 60. bxc6 {[%clk 0:00:17]}  Kxc6 {[%clk 0:00:05]} 61. Ng2 {[%clk 0:00:17]}  Kd5 {[%clk 0:00:05]} 62. Nf4+ {[%clk 0:00:18]}  Ke4 {[%clk 0:00:05]} 63. h4 {[%clk 0:00:17]}  Ke5 {[%clk 0:00:02]} 64. h5 {[%clk 0:00:16]}  f5 {[%clk 0:00:01]} 65. g5 {[%clk 0:00:15]}  gxh5 {[%clk 0:00:02]} 66. Nxh5 {[%clk 0:00:15]}  Ke4 {[%clk 0:00:01]} 67. Kh4 {[%clk 0:00:15]}  Kf3 {[%clk 0:00:01]} 68. Nf6 {[%clk 0:00:14]}  f4 {[%clk 0:00:02]} 69. Nxh7 {[%clk 0:00:14]}  Ke2 {[%clk 0:00:02]} 70. Nf6 {[%clk 0:00:14]}  f3 {[%clk 0:00:00]} 71. Ng4 {[%clk 0:00:15]} 1-0

[Event "April 9 Late 2024"]
[Site "Chess.com"]
[Date "2024.04.09"]
[Round "1"]
[White "Jegorovas, Aleksandras"]
[Black "Rosen, Eric"]
[Result "0-1"]
[Board "87"]
[WhiteFideId "12801950"]
[BlackFideId "2032562"]
[WhiteTitle "FM"]
[BlackTitle "IM"]
[WhiteElo "2421"]
[BlackElo "2768"]
[WhiteTeam "LTU"]
[BlackTeam "USA"]
[WhiteClock "0:00:11"]
[BlackClock "0:00:06"]
[Variant "Standard"]

1. d4 {[%clk 0:02:53]}  d5 {[%clk 0:02:58]} 2. c4 {[%clk 0:02:53]}  e6 {[%clk 0:02:57]} 3. Nf3 {[%clk 0:02:52]}  Nf6 {[%clk 0:02:58]} 4. Nc3 {[%clk 0:02:51]}  Nbd7 {[%clk 0:02:58]} 5. Bf4 {[%clk 0:02:51]}  Bb4 {[%clk 0:02:58]} 6. e3 {[%clk 0:02:47]}  c5 {[%clk 0:02:58]} 7. cxd5 {[%clk 0:02:46]}  Nxd5 {[%clk 0:02:58]} 8. Rc1 {[%clk 0:02:44]}  Qa5 {[%clk 0:02:43]} 9. Qd2 {[%clk 0:02:39]}  cxd4 {[%clk 0:02:34]} 10. exd4 {[%clk 0:02:39]}  Nxf4 {[%clk 0:02:30]} 11. Qxf4 {[%clk 0:02:38]}  Qxa2 {[%clk 0:02:30]} 12. Qd2 {[%clk 0:02:25]}  Qa5 {[%clk 0:02:26]} 13. Bd3 {[%clk 0:02:24]}  O-O {[%clk 0:02:26]} 14. O-O {[%clk 0:02:23]}  Nf6 {[%clk 0:02:26]} 15. Ne5 {[%clk 0:02:19]}  Rd8 {[%clk 0:02:14]} 16. Qe3 {[%clk 0:02:05]}  Bd7 {[%clk 0:01:47]} 17. Ne4 {[%clk 0:01:47]}  Be7 {[%clk 0:01:31]} 18. Nxf6+ {[%clk 0:01:30]}  Bxf6 {[%clk 0:01:29]} 19. Rc5 {[%clk 0:01:29]}  Qb6 {[%clk 0:01:21]} 20. Qe4 {[%clk 0:01:26]}  g6 {[%clk 0:01:12]} 21. Nc4 {[%clk 0:01:17]}  Qb4 {[%clk 0:00:49]} 22. Qf4 {[%clk 0:01:17]}  Bg7 {[%clk 0:00:37]} 23. Nd6 {[%clk 0:01:08]}  Be8 {[%clk 0:00:33]} 24. Nxe8 {[%clk 0:00:57]}  Rxe8 {[%clk 0:00:33]} 25. Rc7 {[%clk 0:00:58]}  Re7 {[%clk 0:00:26]} 26. Rxe7 {[%clk 0:00:56]}  Qxe7 {[%clk 0:00:26]} 27. Rc1 {[%clk 0:00:56]}  Rd8 {[%clk 0:00:19]} 28. Rc7 {[%clk 0:00:43]}  Qf6 {[%clk 0:00:14]} 29. Qxf6 {[%clk 0:00:37]}  Bxf6 {[%clk 0:00:15]} 30. Rxb7 {[%clk 0:00:37]}  Rxd4 {[%clk 0:00:15]} 31. Bf1 {[%clk 0:00:21]}  Rd2 {[%clk 0:00:06]} 32. Rb3 {[%clk 0:00:16]}  Bd4 {[%clk 0:00:05]} 33. Rf3 {[%clk 0:00:16]}  Bxb2 {[%clk 0:00:05]} 34. g3 {[%clk 0:00:17]}  Bd4 {[%clk 0:00:05]} 35. Kg2 {[%clk 0:00:17]}  a5 {[%clk 0:00:05]} 36. Bb5 {[%clk 0:00:17]}  Bc5 {[%clk 0:00:05]} 37. Be8 {[%clk 0:00:16]}  f5 {[%clk 0:00:04]} 38. Bb5 {[%clk 0:00:15]}  Kf7 {[%clk 0:00:04]} 39. Bc4 {[%clk 0:00:16]}  Kf6 {[%clk 0:00:05]} 40. Kf1 {[%clk 0:00:16]}  Rd6 {[%clk 0:00:05]} 41. Ke1 {[%clk 0:00:16]}  Bb4+ {[%clk 0:00:05]} 42. Kf1 {[%clk 0:00:17]}  Rc6 {[%clk 0:00:06]} 43. Ba2 {[%clk 0:00:16]}  Rc1+ {[%clk 0:00:07]} 44. Kg2 {[%clk 0:00:15]}  Rc2 {[%clk 0:00:07]} 45. Bb3 {[%clk 0:00:15]}  Rb2 {[%clk 0:00:07]} 46. Bc4 {[%clk 0:00:15]}  Rc2 {[%clk 0:00:07]} 47. Bb3 {[%clk 0:00:15]}  Rc5 {[%clk 0:00:08]} 48. Re3 {[%clk 0:00:15]}  e5 {[%clk 0:00:08]} 49. Rd3 {[%clk 0:00:15]}  Rc6 {[%clk 0:00:09]} 50. Rd7 {[%clk 0:00:15]}  Rc3 {[%clk 0:00:05]} 51. Bd5 {[%clk 0:00:14]}  h6 {[%clk 0:00:03]} 52. h4 {[%clk 0:00:14]}  g5 {[%clk 0:00:04]} 53. h5 {[%clk 0:00:14]}  e4 {[%clk 0:00:04]} 54. Rf7+ {[%clk 0:00:14]}  Ke5 {[%clk 0:00:05]} 55. Ba2 {[%clk 0:00:14]}  Rc2 {[%clk 0:00:05]} 56. Bb3 {[%clk 0:00:14]}  Rb2 {[%clk 0:00:05]} 57. Bc4 {[%clk 0:00:14]}  Bc5 {[%clk 0:00:06]} 58. Rh7 {[%clk 0:00:13]}  Rxf2+ {[%clk 0:00:05]} 59. Kh1 {[%clk 0:00:13]}  Rc2 {[%clk 0:00:05]} 60. Bf7 {[%clk 0:00:12]}  a4 {[%clk 0:00:05]} 61. Rxh6 {[%clk 0:00:13]}  a3 {[%clk 0:00:05]} 62. Re6+ {[%clk 0:00:13]}  Kd4 {[%clk 0:00:05]} 63. Rc6 {[%clk 0:00:13]}  Rc1+ {[%clk 0:00:04]} 64. Kg2 {[%clk 0:00:13]}  Rc2+ {[%clk 0:00:05]} 65. Kh1 {[%clk 0:00:14]}  Ke3 {[%clk 0:00:05]} 66. h6 {[%clk 0:00:14]}  Kf3 {[%clk 0:00:05]} 67. Rxc5 {[%clk 0:00:13]}  Rxc5 {[%clk 0:00:04]} 68. h7 {[%clk 0:00:14]}  Kxg3 {[%clk 0:00:05]} 69. Bc4 {[%clk 0:00:10]}  Rxc4 {[%clk 0:00:05]} 70. h8=Q {[%clk 0:00:11]}  Rc1# {[%clk 0:00:06]} 0-1

[Event "April 9 Late 2024"]
[Site "Chess.com"]
[Date "2024.04.09"]
[Round "1"]
[White "Wanyama, Harold"]
[Black "Gabrielian, Artur"]
[Result "0-1"]
[Board "89"]
[WhiteFideId "10000380"]
[BlackFideId "4131002"]
[WhiteTitle "FM"]
[BlackTitle "GM"]
[WhiteElo "2416"]
[BlackElo "2765"]
[WhiteTeam "UGA"]
[BlackTeam "RUS"]
[WhiteClock "0:00:07"]
[BlackClock "0:00:27"]
[Variant "Standard"]

1. d4 {[%clk 0:02:58]}  Nf6 {[%clk 0:02:59]} 2. c4 {[%clk 0:02:58]}  c5 {[%clk 0:02:59]} 3. d5 {[%clk 0:02:57]}  e6 {[%clk 0:03:00]} 4. Nc3 {[%clk 0:02:54]}  exd5 {[%clk 0:03:00]} 5. cxd5 {[%clk 0:02:55]}  d6 {[%clk 0:03:00]} 6. g3 {[%clk 0:02:55]}  g6 {[%clk 0:03:00]} 7. Bg2 {[%clk 0:02:56]}  Bg7 {[%clk 0:03:01]} 8. Nf3 {[%clk 0:02:57]}  O-O {[%clk 0:03:02]} 9. O-O {[%clk 0:02:57]}  Re8 {[%clk 0:03:02]} 10. Nd2 {[%clk 0:02:58]}  a6 {[%clk 0:02:59]} 11. a4 {[%clk 0:02:58]}  Nbd7 {[%clk 0:02:59]} 12. h3 {[%clk 0:02:56]}  Rb8 {[%clk 0:02:58]} 13. a5 {[%clk 0:02:56]}  b5 {[%clk 0:02:57]} 14. axb6 {[%clk 0:02:56]}  Nxb6 {[%clk 0:02:55]} 15. e4 {[%clk 0:02:55]}  Nfd7 {[%clk 0:02:53]} 16. Re1 {[%clk 0:02:53]}  c4 {[%clk 0:02:53]} 17. Na4 {[%clk 0:02:38]}  Ne5 {[%clk 0:02:48]} 18. Nxb6 {[%clk 0:02:36]}  Qxb6 {[%clk 0:02:48]} 19. Re2 {[%clk 0:02:34]}  h5 {[%clk 0:02:41]} 20. Qc2 {[%clk 0:02:30]}  h4 {[%clk 0:02:40]} 21. g4 {[%clk 0:02:25]}  Qd4 {[%clk 0:02:30]} 22. Ra4 {[%clk 0:02:06]}  Bd7 {[%clk 0:02:21]} 23. Rxa6 {[%clk 0:02:04]}  Bb5 {[%clk 0:02:20]} 24. Rxd6 {[%clk 0:01:59]}  Bf8 {[%clk 0:02:20]} 25. Rc6 {[%clk 0:01:26]}  Bxc6 {[%clk 0:02:05]} 26. dxc6 {[%clk 0:01:25]}  Qd3 {[%clk 0:02:02]} 27. Nf1 {[%clk 0:01:08]}  Rbc8 {[%clk 0:01:58]} 28. Ne3 {[%clk 0:00:49]}  Rxc6 {[%clk 0:01:55]} 29. Nd5 {[%clk 0:00:49]}  Bg7 {[%clk 0:01:37]} 30. Bg5 {[%clk 0:00:43]}  Qxc2 {[%clk 0:01:15]} 31. Rxc2 {[%clk 0:00:41]}  Ra6 {[%clk 0:01:15]} 32. Bxh4 {[%clk 0:00:35]}  Rb8 {[%clk 0:01:02]} 33. Bg3 {[%clk 0:00:29]}  Rb3 {[%clk 0:00:42]} 34. Bf1 {[%clk 0:00:20]}  Nf3+ {[%clk 0:00:37]} 35. Kh1 {[%clk 0:00:18]}  Ra1 {[%clk 0:00:37]} 36. Ne3 {[%clk 0:00:13]}  Rxe3 {[%clk 0:00:36]} 37. fxe3 {[%clk 0:00:13]}  Rxf1+ {[%clk 0:00:28]} 38. Kg2 {[%clk 0:00:13]}  Ne1+ {[%clk 0:00:27]} 39. Kxf1 {[%clk 0:00:12]}  Nxc2 {[%clk 0:00:27]} 40. Ke2 {[%clk 0:00:07]}  Bxb2 {[%clk 0:00:27]} 0-1

[Event "April 9 Late 2024"]
[Site "Chess.com"]
[Date "2024.04.09"]
[Round "1"]
[White "Goltsev, Dmitry"]
[Black "Radhakrishnan, Sharath"]
[Result "1-0"]
[Board "90"]
[WhiteFideId "24176710"]
[BlackFideId "39900452"]
[WhiteTitle "FM"]
[WhiteElo "2763"]
[BlackElo "2415"]
[WhiteTeam "RUS"]
[BlackTeam "USA"]
[WhiteClock "0:00:34"]
[BlackClock "0:00:00"]
[Variant "Standard"]

1. e4 {[%clk 0:03:00]}  e5 {[%clk 0:02:59]} 2. Nf3 {[%clk 0:03:00]}  Nc6 {[%clk 0:02:59]} 3. Bb5 {[%clk 0:03:00]}  a6 {[%clk 0:03:00]} 4. Ba4 {[%clk 0:03:00]}  Nf6 {[%clk 0:03:00]} 5. O-O {[%clk 0:03:00]}  b5 {[%clk 0:03:00]} 6. Bb3 {[%clk 0:03:00]}  Bc5 {[%clk 0:03:00]} 7. Nxe5 {[%clk 0:02:59]}  Nxe5 {[%clk 0:03:00]} 8. d4 {[%clk 0:02:59]}  Bxd4 {[%clk 0:03:00]} 9. Qxd4 {[%clk 0:03:00]}  d6 {[%clk 0:03:01]} 10. c3 {[%clk 0:02:57]}  O-O {[%clk 0:02:55]} 11. Bg5 {[%clk 0:02:58]}  h6 {[%clk 0:02:49]} 12. Bh4 {[%clk 0:02:57]}  Bb7 {[%clk 0:02:47]} 13. Nd2 {[%clk 0:02:56]}  c5 {[%clk 0:02:43]} 14. Qe3 {[%clk 0:02:55]}  Ng6 {[%clk 0:02:42]} 15. Bg3 {[%clk 0:02:49]}  Re8 {[%clk 0:02:41]} 16. f3 {[%clk 0:02:46]}  d5 {[%clk 0:02:11]} 17. Qxc5 {[%clk 0:02:46]}  Rc8 {[%clk 0:02:03]} 18. Qa7 {[%clk 0:02:39]}  Re7 {[%clk 0:01:34]} 19. Rad1 {[%clk 0:02:17]}  Nh5 {[%clk 0:00:41]} 20. Bf2 {[%clk 0:02:14]}  Nhf4 {[%clk 0:00:40]} 21. exd5 {[%clk 0:01:46]}  Bxd5 {[%clk 0:00:23]} 22. Qxa6 {[%clk 0:01:45]}  Bxb3 {[%clk 0:00:20]} 23. Nxb3 {[%clk 0:01:44]}  Qe8 {[%clk 0:00:20]} 24. Rfe1 {[%clk 0:01:39]}  Re2 {[%clk 0:00:19]} 25. Nd4 {[%clk 0:01:34]}  Ra8 {[%clk 0:00:18]} 26. Qxb5 {[%clk 0:01:29]}  Qxb5 {[%clk 0:00:17]} 27. Nxb5 {[%clk 0:01:30]}  Rxa2 {[%clk 0:00:16]} 28. Rxe2 {[%clk 0:00:55]}  Nxe2+ {[%clk 0:00:16]} 29. Kf1 {[%clk 0:00:56]}  Rxb2 {[%clk 0:00:17]} 30. c4 {[%clk 0:00:57]}  Nef4 {[%clk 0:00:17]} 31. Nd4 {[%clk 0:00:54]}  Ne5 {[%clk 0:00:16]} 32. c5 {[%clk 0:00:48]}  Nfd3 {[%clk 0:00:10]} 33. Bg3 {[%clk 0:00:43]}  Nc4 {[%clk 0:00:08]} 34. Rxd3 {[%clk 0:00:42]}  Rb1+ {[%clk 0:00:07]} 35. Be1 {[%clk 0:00:40]}  Rc1 {[%clk 0:00:06]} 36. c6 {[%clk 0:00:35]}  Ne5 {[%clk 0:00:00]} 37. Rc3 {[%clk 0:00:34]} 1-0